[Event "HUN-chT2 Barcza 0405"]
[Site "Hungary"]
[Date "2005.04.24"]
[Round "11"]
[White "Karolyfalvi, Zoltan"]
[Black "Korpas, Laszlo"]
[Result "1-0"]
[WhiteElo "2206"]
[BlackElo "2023"]
[PlyCount "69"]
[EventDate "2004.09.26"]
[EventType "team"]
[EventRounds "11"]
[EventCountry "HUN"]
[SourceTitle "EXT 2009"]
[Source "ChessBase"]
[SourceDate "2008.11.26"]
[SourceVersion "1"]
[SourceVersionDate "2008.11.26"]
[SourceQuality "1"]
[WhiteTeam "Kazincbarcika"]
[BlackTeam "Szabolcs Volan"]
[WhiteTeamCountry "HUN"]
[BlackTeamCountry "HUN"]

1. d4 d5 2. c4 c6 3. Nf3 Nf6 4. Nc3 a6 5. c5 g6 6. Bf4 Nbd7 7. e3 Bg7 8. h3 Ne4 9. Bd3 Nxc3 10. bxc3 0-0 11. 0-0 f6 12. Nd2 e5 13. Bh2 b6 14. cxb6 Rb8 15. c4 Nxb6 16. c5 Nd7 17. Qa4 Bb7 18. Rab1 Qc8 19. Rb4 a5 20. Rbb1 Ra8 21. Rb3 Ba6 22. Rfb1 Bxd3 23. Rxd3 Qa6 24. Rdb3 Rfb8 25. Rxb8+ Rxb8 26. Rxb8+ Nxb8 27. Nb3 Nd7 28. Qxa5 Qd3 29. Bg3 exd4 30. exd4 f5 31. Qa8+ Nf8 32. Qxc6 Qe4 33. Qd6 Bxd4 34. Nxd4 Qxd4 35. Be5 1-0

[Event "HUN-chT2 Barcza 0405"]
[Site "Hungary"]
[Date "2005.01.23"]
[Round "6"]
[White "Korpas, Laszlo"]
[Black "Csukas, Tibor"]
[Result "1/2-1/2"]
[WhiteElo "2023"]
[BlackElo "2004"]
[PlyCount "27"]
[EventDate "2004.09.26"]
[EventType "team"]
[EventRounds "11"]
[EventCountry "HUN"]
[SourceTitle "EXT 2009"]
[Source "ChessBase"]
[SourceDate "2008.11.26"]
[SourceVersion "1"]
[SourceVersionDate "2008.11.26"]
[SourceQuality "1"]
[WhiteTeam "Szabolcs Volan"]
[BlackTeam "Nadudvar"]
[WhiteTeamCountry "HUN"]
[BlackTeamCountry "HUN"]

1. d4 d5 2. c4 dxc4 3. Nf3 Nf6 4. e3 e6 5. Bxc4 c5 6. 0-0 a6 7. a4 Nc6 8. Qe2 Be7 9. Nc3 0-0 10. Rd1 cxd4 11. exd4 Qc7 12. d5 exd5 13. Nxd5 Nxd5 14. Bxd5 1/2-1/2

[Event "HUN-chT2 Barcza 0405"]
[Site "Hungary"]
[Date "2004.12.19"]
[Round "5"]
[White "Korpas, Laszlo"]
[Black "Peczeli, Zoltan"]
[Result "0-1"]
[WhiteElo "2023"]
[BlackElo "2050"]
[PlyCount "61"]
[EventDate "2004.09.26"]
[EventType "team"]
[EventRounds "11"]
[EventCountry "HUN"]
[SourceTitle "EXT 2009"]
[Source "ChessBase"]
[SourceDate "2008.11.26"]
[SourceVersion "1"]
[SourceVersionDate "2008.11.26"]
[SourceQuality "1"]
[WhiteTeam "Szabolcs Volan"]
[BlackTeam "Piremon II"]
[WhiteTeamCountry "HUN"]
[BlackTeamCountry "HUN"]

1. d4 Nf6 2. c4 e6 3. g3 c5 4. e3 cxd4 5. exd4 d5 6. cxd5 Nxd5 7. Bg2 Be7 8. Ne2 Nc6 9. Nbc3 Nxc3 10. bxc3 0-0 11. 0-0 Bf6 12. Be3 Na5 13. Rb1 Qc7 14. h4 Bd7 15. Bg5 Bxg5 16. hxg5 Bc6 17. Qd3 b6 18. Be4 Bxe4 19. Qxe4 Qc6 20. Qg4 Nc4 21. Rbd1 Rfd8 22. Rd3 Ne5 23. dxe5 Rxd3 24. Nd4 Qxc3 25. Nxe6 fxe6 26. Qxe6+ Kh8 27. Kg2 Rc8 28. Qf5 Qc6+ 29. Kg1 Rf3 30. Qg4 Rcf8 31. e6 0-1

[Event "HUN-chT2 Barcza 0304"]
[Site "Hungary"]
[Date "2004.04.18"]
[Round "11"]
[White "Janoska, Sandor"]
[Black "Korpas, Laszlo"]
[Result "1-0"]
[WhiteElo "2202"]
[BlackElo "2069"]
[PlyCount "93"]
[EventDate "2003.08.29"]
[EventType "team"]
[EventRounds "11"]
[EventCountry "HUN"]
[SourceTitle "EXT 2009"]
[Source "ChessBase"]
[SourceDate "2008.11.26"]
[SourceVersion "1"]
[SourceVersionDate "2008.11.26"]
[SourceQuality "1"]
[WhiteTeam "Kazincbarcika"]
[BlackTeam "Szabolcs Volan"]
[WhiteTeamCountry "HUN"]
[BlackTeamCountry "HUN"]

1. d4 d5 2. c4 c6 3. Nf3 Nf6 4. e3 g6 5. Nc3 Bg7 6. Be2 0-0 7. 0-0 Be6 8. b3 c5 9. Ba3 b6 10. dxc5 dxc4 11. Qxd8 Rxd8 12. Nd4 Nd5 13. Nxd5 Bxd5 14. bxc4 Bb7 15. cxb6 e5 16. Nb5 axb6 17. Rfd1 Nc6 18. Rxd8+ Nxd8 19. Rd1 Ne6 20. Rd2 Bc6 21. Bb4 Bxb5 22. cxb5 e4 23. f3 Ra4 24. a3 Bf8 25. fxe4 Bxb4 26. axb4 Rxb4 27. Rd6 Nc5 28. Rxb6 Nxe4 29. Bd3 f5 30. Bxe4 fxe4 31. Kf2 Kg7 32. Kg3 g5 33. Kg4 Rb2 34. g3 h6 35. Kf5 Rf2+ 36. Kxe4 Rxh2 37. Rd6 Rb2 38. b6 h5 39. Kf5 Rb5+ 40. Ke4 h4 41. gxh4 gxh4 42. Kf4 h3 43. Kg3 Rb3 44. Kxh3 Rxe3+ 45. Kg4 Rb3 46. Kf5 Rb5+ 47. Ke6 1-0

[Event "HUN-chT2 Barcza 0304"]
[Site "Hungary"]
[Date "2004.03.21"]
[Round "9"]
[White "Korpas, Laszlo"]
[Black "Nagyidai, Kalman"]
[Result "1-0"]
[WhiteElo "2069"]
[BlackElo "1687"]
[PlyCount "49"]
[EventDate "2003.08.29"]
[EventType "team"]
[EventRounds "11"]
[EventCountry "HUN"]
[SourceTitle "EXT 2009"]
[Source "ChessBase"]
[SourceDate "2008.11.26"]
[SourceVersion "1"]
[SourceVersionDate "2008.11.26"]
[SourceQuality "1"]
[WhiteTeam "Szabolcs Volan"]
[BlackTeam "Tiszavasvar"]
[WhiteTeamCountry "HUN"]
[BlackTeamCountry "HUN"]

1. d4 Nf6 2. c4 d5 3. Nc3 dxc4 4. Qa4+ c6 5. Qxc4 e6 6. Nf3 h6 7. g3 Nd5 8. Bg2 Nd7 9. 0-0 N7b6 10. Qb3 Be7 11. e4 Nf6 12. Rd1 0-0 13. Bf4 Nh5 14. Be3 a5 15. d5 c5 16. d6 Bg5 17. Bxc5 Nd7 18. Bd4 e5 19. Nxe5 Nxe5 20. Bxe5 Be6 21. Qb5 Bd7 22. Qe2 Bf6 23. Qxh5 Bxe5 24. Qxe5 Re8 25. Qh5 1-0

[Event "HUN-chT2 Barcza 0304"]
[Site "Hungary"]
[Date "2004.02.22"]
[Round "8"]
[White "Kucsa, Andras"]
[Black "Korpas, Laszlo"]
[Result "1/2-1/2"]
[WhiteElo "2036"]
[BlackElo "2069"]
[PlyCount "20"]
[EventDate "2003.08.29"]
[EventType "team"]
[EventRounds "11"]
[EventCountry "HUN"]
[SourceTitle "EXT 2009"]
[Source "ChessBase"]
[SourceDate "2008.11.26"]
[SourceVersion "1"]
[SourceVersionDate "2008.11.26"]
[SourceQuality "1"]
[WhiteTeam "Piremon II"]
[BlackTeam "Szabolcs Volan"]
[WhiteTeamCountry "HUN"]
[BlackTeamCountry "HUN"]

1. d4 d5 2. Nf3 Nf6 3. c4 c6 4. Nc3 a6 5. cxd5 cxd5 6. a4 Nc6 7. Bg5 Ne4 8. Bd2 Nxc3 9. Bxc3 e6 10. e3 Bb4 1/2-1/2

[Event "HUN-chT2 Barcza 0304"]
[Site "Hungary"]
[Date "2003.11.30"]
[Round "4"]
[White "Korpas, Laszlo"]
[Black "Magi, Tibor"]
[Result "1-0"]
[WhiteElo "2069"]
[BlackElo "1782"]
[PlyCount "127"]
[EventDate "2003.08.29"]
[EventType "team"]
[EventRounds "11"]
[EventCountry "HUN"]
[SourceTitle "EXT 2009"]
[Source "ChessBase"]
[SourceDate "2008.11.26"]
[SourceVersion "1"]
[SourceVersionDate "2008.11.26"]
[SourceQuality "1"]
[WhiteTeam "Szabolcs Volan"]
[BlackTeam "Nadudvar"]
[WhiteTeamCountry "HUN"]
[BlackTeamCountry "HUN"]

1. d4 d6 2. e4 e6 3. Nf3 Be7 4. Be2 Nd7 5. c4 b6 6. Nc3 Bb7 7. 0-0 c5 8. d5 e5 9. Ne1 g5 10. Nc2 a6 11. Ne3 Nh6 12. h3 Nf8 13. Ng4 Nxg4 14. Bxg4 Ng6 15. g3 Bc8 16. Rb1 Bxg4 17. hxg4 Qd7 18. Kg2 f6 19. f3 0-0 20. Qe2 Rf7 21. b4 Bd8 22. bxc5 bxc5 23. Qc2 Qc8 24. Qa4 Qd7 25. Qa3 Qc8 26. Bd2 Raa7 27. Rb3 Rfb7 28. Rfb1 Rxb3 29. Rxb3 Qc7 30. Nd1 Ne7 31. Ne3 Qc8 32. Qb2 Qc7 33. Rb8 Kf8 34. Rb3 Qd7 35. Qa3 Qc8 36. Ba5 Bxa5 37. Qxa5 Ke8 38. Rb6 Qc7 39. Qa4+ Kd8 40. Rxa6 Rxa6 41. Qxa6 Qb8 42. Qa5+ Kc8 43. Qb5 Qxb5 44. cxb5 Kb7 45. a4 Nc8 46. Nc4 Kc7 47. a5 Kb7 48. Kf2 Kc7 49. Ke3 Kb7 50. Kd3 Kc7 51. Kc3 Kb7 52. Kb3 Kc7 53. Ka3 Kb7 54. Ka4 Ka7 55. Kb3 Kb7 56. b6 Ka6 57. Ka4 h6 58. Ka3 Kb7 59. Kb3 Ka6 60. Ka4 f5 61. exf5 Ne7 62. f6 Ng6 63. f7 Nf8 64. Nxd6 1-0

[Event "HUN-chT2 Barcza 0304"]
[Site "Hungary"]
[Date "2003.09.28"]
[Round "1"]
[White "Korpas, Laszlo"]
[Black "Orban, Zoltan"]
[Result "1/2-1/2"]
[WhiteElo "2069"]
[BlackElo "2003"]
[PlyCount "37"]
[EventDate "2003.08.29"]
[EventType "team"]
[EventRounds "11"]
[EventCountry "HUN"]
[SourceTitle "EXT 2009"]
[Source "ChessBase"]
[SourceDate "2008.11.26"]
[SourceVersion "1"]
[SourceVersionDate "2008.11.26"]
[SourceQuality "1"]
[WhiteTeam "Szabolcs Volan"]
[BlackTeam "Tiszaujvaros"]
[WhiteTeamCountry "HUN"]
[BlackTeamCountry "HUN"]

1. g3 d5 2. c4 e6 3. Bg2 c6 4. cxd5 exd5 5. Nf3 Nf6 6. d3 Be7 7. 0-0 0-0 8. Nc3 Re8 9. e3 Nbd7 10. d4 Bd6 11. Bd2 Nf8 12. Ne2 Ng6 13. b4 a6 14. a4 Bg4 15. Qb3 Qd7 16. Kh1 h5 17. Nf4 Nxf4 18. exf4 Bh3 19. Ne5 1/2-1/2

[Event "HUN-chT2 Barcza 0203"]
[Site "Hungary"]
[Date "2003.04.13"]
[Round "11"]
[White "Korpas, Laszlo"]
[Black "Farkas, Daniel"]
[Result "1/2-1/2"]
[WhiteElo "2102"]
[BlackElo "2078"]
[PlyCount "39"]
[EventDate "2002.09.22"]
[EventType "team"]
[EventRounds "11"]
[EventCountry "HUN"]
[SourceTitle "EXT 2009"]
[Source "ChessBase"]
[SourceDate "2008.11.26"]
[SourceVersion "1"]
[SourceVersionDate "2008.11.26"]
[SourceQuality "1"]

1. d4 e6 2. c4 d5 3. Nc3 Nf6 4. Bg5 Be7 5. Nf3 h6 6. Bxf6 Bxf6 7. e3 0-0 8. Qd2 c6 9. Rc1 Nd7 10. cxd5 exd5 11. Bd3 Re8 12. 0-0 Nf8 13. Qc2 Bg4 14. Nd2 Bh5 15. b4 Bg6 16. a4 Rc8 17. Qb1 Bxd3 18. Qxd3 Qd6 19. Rb1 Bd8 20. Nf3 1/2-1/2

[Event "HUN-chT2 Barcza 0203"]
[Site "Hungary"]
[Date "2003.03.02"]
[Round "8"]
[White "Korpas, Laszlo"]
[Black "Hegedus, Imre"]
[Result "1-0"]
[WhiteElo "2102"]
[BlackElo "1808"]
[PlyCount "59"]
[EventDate "2002.09.22"]
[EventType "team"]
[EventRounds "11"]
[EventCountry "HUN"]
[SourceTitle "EXT 2009"]
[Source "ChessBase"]
[SourceDate "2008.11.26"]
[SourceVersion "1"]
[SourceVersionDate "2008.11.26"]
[SourceQuality "1"]

1. d4 d5 2. c4 dxc4 3. Nf3 c6 4. e3 b5 5. a4 Bb7 6. axb5 cxb5 7. b3 e6 8. bxc4 bxc4 9. Bxc4 Be7 10. Bb5+ Nd7 11. Ne5 Ngf6 12. Qa4 a6 13. Bxd7+ Nxd7 14. 0-0 f6 15. Nc6 Qc8 16. Nxe7 Kxe7 17. Ba3+ Kf7 18. Rc1 Qd8 19. Qb4 Nb6 20. Nc3 Bc6 21. Qa5 Nd5 22. Qc5 Nxc3 23. Rxc3 Bb5 24. Rac1 Re8 25. Qh5+ Kg8 26. Rc7 Bd7 27. h3 Rc8 28. Bd6 Rxc7 29. Rxc7 Bb5 30. Qf7+ 1-0

[Event "HUN-chT2 Barcza 0203"]
[Site "Hungary"]
[Date "2002.12.08"]
[Round "4"]
[White "Szarvas, Peter"]
[Black "Korpas, Laszlo"]
[Result "1-0"]
[WhiteElo "2201"]
[BlackElo "2102"]
[PlyCount "115"]
[EventDate "2002.09.22"]
[EventType "team"]
[EventRounds "11"]
[EventCountry "HUN"]
[SourceTitle "EXT 2009"]
[Source "ChessBase"]
[SourceDate "2008.11.26"]
[SourceVersion "1"]
[SourceVersionDate "2008.11.26"]
[SourceQuality "1"]

1. d4 d5 2. c4 c6 3. Nf3 Nf6 4. Nc3 dxc4 5. e3 b5 6. a4 b4 7. Nb1 a5 8. Bxc4 e6 9. Nbd2 Be7 10. 0-0 0-0 11. Qe2 c5 12. dxc5 Bxc5 13. Nb3 Bb6 14. Rd1 Qe7 15. e4 e5 16. Be3 Bxe3 17. Qxe3 Bb7 18. Nfd2 Nbd7 19. f3 Bc6 20. Bf1 Rfe8 21. Nc4 Qd8 22. Nd6 Rf8 23. Nb5 Qb8 24. Rac1 Rc8 25. Qf2 Bxb5 26. Bxb5 Rxc1 27. Rxc1 g6 28. Rc6 Kg7 29. g3 h5 30. Qd2 Qh8 31. Rc7 Qd8 32. Rxd7 Nxd7 33. Qxd7 Qb6+ 34. Kg2 Qe3 35. Bc4 Rf8 36. Qd2 Qb6 37. Qd5 Qf6 38. Qxa5 h4 39. Qxb4 h3+ 40. Kf2 Rd8 41. Be2 g5 42. Qc3 Rb8 43. Nc5 Qe7 44. b4 Kg6 45. Bc4 Rd8 46. Bd5 g4 47. fxg4 Qg5 48. Qe3 Qxg4 49. Qf3 Qg5 50. Qxf7+ Kh6 51. Qe6+ Kg7 52. Qg8+ Rxg8 53. Ne6+ Kg6 54. Nxg5 Rf8+ 55. Nf3 Kh5 56. Ke3 Rc8 57. Nxe5 Rc2 58. Nf3 1-0

[Event "HUN-chT2 Barcza 0203"]
[Site "Hungary"]
[Date "2002.11.24"]
[Round "3"]
[White "Hegedus, Gyorgy"]
[Black "Korpas, Laszlo"]
[Result "1/2-1/2"]
[WhiteElo "2116"]
[BlackElo "2102"]
[PlyCount "50"]
[EventDate "2002.09.22"]
[EventType "team"]
[EventRounds "11"]
[EventCountry "HUN"]
[SourceTitle "EXT 2009"]
[Source "ChessBase"]
[SourceDate "2008.11.26"]
[SourceVersion "1"]
[SourceVersionDate "2008.11.26"]
[SourceQuality "1"]

1. d4 d5 2. Bg5 Bf5 3. Nf3 Nd7 4. e3 h6 5. Bh4 Ngf6 6. Bd3 Bxd3 7. Qxd3 c6 8. Nbd2 e6 9. 0-0 Be7 10. c4 Nh5 11. Bxe7 Qxe7 12. e4 dxe4 13. Nxe4 Nhf6 14. h3 0-0 15. Nc3 Qd6 16. Rfe1 Rfe8 17. Rad1 Qc7 18. b4 a6 19. a4 Red8 20. Qc2 b5 21. axb5 axb5 22. Qd3 bxc4 23. Qxc4 Nb6 24. Qb3 Nbd5 25. Rb1 Nxc3 1/2-1/2

[Event "Piremon Nyirsegi Torna op"]
[Site "Nyiregyhaza"]
[Date "2002.07.01"]
[Round "3"]
[White "Korpas, Laszlo"]
[Black "Gal, Lajos Jr"]
[Result "0-1"]
[WhiteElo "2102"]
[BlackElo "2172"]
[PlyCount "57"]
[EventDate "2002.06.29"]
[EventType "swiss"]
[EventRounds "9"]
[EventCountry "HUN"]
[SourceTitle "EXT 2004"]
[Source "ChessBase"]
[SourceDate "2003.11.25"]
[SourceVersion "1"]
[SourceVersionDate "2003.11.25"]
[SourceQuality "1"]

1. d4 d5 2. c4 dxc4 3. Nf3 c6 4. a4 Nf6 5. e3 Be6 6. Ne5 g6 7. Nxc4 Bg7 8. Nc3 Na6 9. Ne5 Nb4 10. Bc4 Bxc4 11. Nxc4 Nd7 12. 0-0 0-0 13. a5 e5 14. d5 Nc5 15. e4 cxd5 16. exd5 Qh4 17. Ne3 e4 18. Na2 Nbd3 19. Rb1 Ne5 20. f4 exf3 21. gxf3 Ned3 22. Ng2 Bd4+ 23. Kh1 Nf2+ 24. Rxf2 Qxf2 25. Bh6 Rfe8 26. Nc3 Rad8 27. Bg5 Bxc3 28. Bxd8 Re1+ 29. Nxe1 0-1

[Event "Piremon Nyirsegi Torna op"]
[Site "Nyiregyhaza"]
[Date "2002.06.29"]
[Round "1"]
[White "Korpas, Laszlo"]
[Black "Ianov, Viktor"]
[Result "0-1"]
[WhiteElo "2102"]
[BlackElo "2392"]
[PlyCount "84"]
[EventDate "2002.06.29"]
[EventType "swiss"]
[EventRounds "9"]
[EventCountry "HUN"]
[SourceTitle "EXT 2004"]
[Source "ChessBase"]
[SourceDate "2003.11.25"]
[SourceVersion "1"]
[SourceVersionDate "2003.11.25"]
[SourceQuality "1"]

1. d4 g6 2. e4 Bg7 3. c4 d6 4. Nc3 Nd7 5. Be3 e5 6. d5 Ne7 7. h4 Nf6 8. Be2 h5 9. f3 Bh6 10. Bxh6 Rxh6 11. Qd2 Rh8 12. Bd1 Kf8 13. Bc2 Kg7 14. Nge2 Neg8 15. 0-0-0 Nh6 16. Kb1 Bd7 17. Rc1 Qe7 18. Ba4 Bc8 19. Ka1 a6 20. Qe3 Nd7 21. Bc2 c5 22. dxc6 bxc6 23. Ba4 Bb7 24. g3 Nc5 25. Bc2 Ne6 26. Na4 c5 27. Nac3 Nd4 28. Nd5 Bxd5 29. cxd5 Rab8 30. Nxd4 exd4 31. Qd2 Rb4 32. Bd3 Rhb8 33. b3 a5 34. g4 hxg4 35. f4 a4 36. bxa4 f6 37. Rb1 Qe8 38. Rxb4 Rxb4 39. Qc2 Qxa4 40. Rb1 Qxc2 41. Bxc2 Rxb1+ 42. Kxb1 g3 0-1

[Event "Nyiregyhaza op"]
[Site "Nyiregyhaza"]
[Date "2001.07.11"]
[Round "5"]
[White "Kovacs, David"]
[Black "Korpas, Laszlo"]
[Result "1/2-1/2"]
[WhiteElo "2056"]
[BlackElo "2117"]
[PlyCount "146"]
[EventDate "2001.07.07"]
[EventType "swiss"]
[EventRounds "9"]
[EventCountry "HUN"]
[SourceTitle "EXT 2008"]
[Source "ChessBase"]
[SourceDate "2007.11.25"]
[SourceVersion "1"]
[SourceVersionDate "2007.11.25"]
[SourceQuality "1"]

1. e4 c6 2. d4 d5 3. e5 c5 4. c3 Qc7 5. Bd3 Nc6 6. Ne2 Bd7 7. 0-0 cxd4 8. cxd4 Nb4 9. Nbc3 Nxd3 10. Qxd3 e6 11. Bd2 Ne7 12. Nb5 Bxb5 13. Qxb5+ Qd7 14. Qb3 Nf5 15. Rac1 Be7 16. Rc2 0-0 17. Rfc1 Rfc8 18. Rxc8+ Rxc8 19. Rxc8+ Qxc8 20. Qc3 Qd7 21. Qb3 h5 22. Bc3 Bd8 23. Qb4 a5 24. Qb3 b5 25. Bd2 b4 26. Be3 Bb6 27. Qc2 a4 28. g3 g6 29. Kg2 Qb5 30. b3 axb3 31. axb3 Qa6 32. Qd2 Kg7 33. Kf3 Ba5 34. Qc2 Nxe3 35. fxe3 g5 36. Kf2 Bd8 37. Qd2 Qb7 38. Nc1 f6 39. exf6+ Bxf6 40. Nd3 Be7 41. Qe2 Qc8 42. Ne5 Qe8 43. Qa6 Qf8+ 44. Kg2 Qf5 45. Qf1 Qxf1+ 46. Kxf1 Kf6 47. Kf2 Kf5 48. Kf3 g4+ 49. Ke2 Ke4 50. Nd3 h4 51. gxh4 Bxh4 52. Nxb4 Bg5 53. Nc2 Be7 54. Ne1 Bd6 55. Ng2 Bxh2 56. b4 Bc7 57. Ne1 Bb6 58. Ng2 Ba7 59. Kd2 Bb8 60. Ke2 Bc7 61. b5 Bb6 62. Kf2 Kf5 63. Kg3 Bc7+ 64. Kf2 Kg5 65. Ke2 Kf5 66. Kf2 Ke4 67. Ke2 g3 68. Ne1 Bb6 69. Ng2 e5 70. dxe5 Kxe5 71. Kf3 Kd6 72. Kxg3 Kc5 73. Kf3 Kxb5 1/2-1/2

[Event "Nyiregyhaza op"]
[Site "Nyiregyhaza"]
[Date "2001.07.10"]
[Round "4"]
[White "Korpas, Laszlo"]
[Black "Nagyajtai, Gabor"]
[Result "0-1"]
[WhiteElo "2117"]
[BlackElo "2257"]
[PlyCount "100"]
[EventDate "2001.07.07"]
[EventType "swiss"]
[EventRounds "9"]
[EventCountry "HUN"]
[SourceTitle "EXT 2008"]
[Source "ChessBase"]
[SourceDate "2007.11.25"]
[SourceVersion "1"]
[SourceVersionDate "2007.11.25"]
[SourceQuality "1"]

1. d4 Nf6 2. c4 c5 3. d5 b5 4. cxb5 a6 5. bxa6 g6 6. Nc3 Bxa6 7. e4 Bxf1 8. Kxf1 d6 9. Nf3 Bg7 10. g3 0-0 11. Kg2 Nbd7 12. h3 Qb6 13. Re1 Rfb8 14. Re2 Ne8 15. Bg5 Ndf6 16. Rb1 h6 17. Bd2 Nc7 18. b3 Nd7 19. Rc1 Qa6 20. Be3 Nb5 21. Nxb5 Qxb5 22. Rcc2 Rc8 23. Qc1 Kh7 24. Qd2 Rcb8 25. Re1 Ra6 26. Bf4 g5 27. Be3 Nf6 28. Rc4 Rba8 29. e5 Nd7 30. Bxg5 dxe5 31. Bxe7 Rxa2 32. Qd3+ Kh8 33. Qf5 Qxb3 34. Rh4 Qc2 35. Qxc2 Rxc2 36. Bg5 Raa2 37. Be3 f5 38. Rf1 e4 39. Ng5 Kg8 40. Ne6 c4 41. Nxg7 Kxg7 42. Rxh6 Nf6 43. Rd1 f4 44. Rxf6 fxe3 45. Rf4 Rxf2+ 46. Rxf2 Rxf2+ 47. Kg1 c3 48. Re1 c2 49. d6 Rd2 50. Kf1 Rd1 0-1

[Event "Nyiregyhaza op"]
[Site "Nyiregyhaza"]
[Date "1998.??.??"]
[Round "4"]
[White "Korpas, Laszlo"]
[Black "Bereczki, Istvan"]
[Result "1-0"]
[WhiteElo "2135"]
[BlackElo "2205"]
[PlyCount "65"]
[EventDate "1998.07.??"]
[EventType "swiss"]
[EventRounds "9"]
[EventCountry "HUN"]
[SourceTitle "EXT 2002"]
[Source "ChessBase"]
[SourceDate "2001.11.25"]
[SourceVersion "1"]
[SourceVersionDate "2001.11.25"]
[SourceQuality "1"]

1. d4 Nf6 2. c4 g6 3. Nc3 d5 4. Nf3 Bg7 5. e3 0-0 6. Be2 c5 7. dxc5 Qa5 8. cxd5 Ne4 9. Bd2 Nxc3 10. Qb3 Qxc5 11. Bxc3 Bxc3+ 12. bxc3 Nd7 13. 0-0 Nf6 14. Rfd1 Rd8 15. c4 Ne4 16. Nd4 Qa5 17. Rac1 Nc5 18. Qb5 Qc7 19. Nb3 b6 20. Nxc5 bxc5 21. Qc6 Qxc6 22. dxc6 Be6 23. Rxd8+ Rxd8 24. h3 Rc8 25. Bf3 Kf8 26. a3 f5 27. Rb1 Bxc4 28. Rc1 Bb5 29. Rxc5 Bd3 30. c7 Be4 31. Be2 Bb7 32. Bb5 Ra8 33. Bd7 1-0

[Event "Nyiregyhaza op"]
[Site "Nyiregyhaza"]
[Date "1998.??.??"]
[Round "2"]
[White "Korpas, Laszlo"]
[Black "Monus, Zoltan"]
[Result "0-1"]
[WhiteElo "2135"]
[BlackElo "2175"]
[PlyCount "78"]
[EventDate "1998.07.??"]
[EventType "swiss"]
[EventRounds "9"]
[EventCountry "HUN"]
[SourceTitle "EXT 2002"]
[Source "ChessBase"]
[SourceDate "2001.11.25"]
[SourceVersion "1"]
[SourceVersionDate "2001.11.25"]
[SourceQuality "1"]

1. d4 Nf6 2. c4 g6 3. Nc3 Bg7 4. e4 d6 5. f3 0-0 6. Be3 Nc6 7. Nge2 a6 8. Qd2 Rb8 9. h4 b5 10. h5 bxc4 11. hxg6 fxg6 12. Ng3 e5 13. Bxc4+ Kh8 14. Nge2 exd4 15. Nxd4 Ne5 16. Bb3 c5 17. Nde2 c4 18. Bc2 Rxb2 19. Qc1 Rxc2 20. Qxc2 Nd3+ 21. Kd2 d5 22. e5 Nxe5 23. Nd4 Nh5 24. Nce2 Nd3 25. g4 Nhf4 26. Nxf4 Rxf4 27. Rab1 Rxd4 28. Bxd4 Bxd4 29. Rb8 Qe8 30. Qd1 Be5 31. Qe2 Bf4+ 32. Kd1 Qa4+ 33. Rb3 cxb3 34. Rxh7+ Kxh7 35. Qe7+ Kg8 36. Qd8+ Kf7 37. Qxd5+ Be6 38. Qb7+ Kf6 39. g5+ Bxg5 0-1

[Event "HUN-chT3"]
[Site "Hungary"]
[Date "1997.11.30"]
[Round "?"]
[White "Korpas, Laszlo"]
[Black "Havasi, Tamas"]
[Result "1/2-1/2"]
[WhiteElo "1980"]
[BlackElo "2211"]
[PlyCount "55"]
[EventDate "1997.??.??"]
[EventType "team"]
[EventRounds "13"]
[EventCountry "HUN"]
[SourceTitle "EXT 2001"]
[Source "ChessBase"]
[SourceDate "2000.11.22"]
[SourceVersion "1"]
[SourceVersionDate "2000.11.22"]
[SourceQuality "1"]

1. d4 d5 2. c4 e6 3. Nc3 Nf6 4. Bg5 Be7 5. cxd5 Nxd5 6. Bxe7 Qxe7 7. Nxd5 exd5 8. Nf3 0-0 9. e3 Bg4 10. Be2 c6 11. h3 Bc8 12. Qd2 Nd7 13. 0-0 Nf6 14. b4 Ne4 15. Qb2 a6 16. a4 f5 17. Ne5 f4 18. exf4 Rxf4 19. Ra3 Be6 20. Rf3 Raf8 21. Rxf4 Rxf4 22. b5 axb5 23. axb5 c5 24. Nd3 Rf8 25. Nxc5 Nxc5 26. dxc5 Qxc5 27. Qe5 Bd7 28. Bf3 1/2-1/2